Κλασική αρχαιολογία : βασικές γνώσεις

Αποθηκεύτηκε σε:
Λεπτομέρειες βιβλιογραφικής εγγραφής
Κύριος συγγραφέας: Hölscher, Tonio
Άλλοι συγγραφείς: Καραναστάση, Παυλίνα (edtf), Παπαγεωργίου, Πάρις (Μεταφραστής)
Μορφή: Βιβλίο
Γλώσσα:Greek
German
Δημοσίευση: Θεσσαλονίκη : University Studio Press, 2005, 2019
Θέματα:
Ετικέτες: Προσθήκη ετικέτας
Δεν υπάρχουν, Καταχωρήστε ετικέτα πρώτοι!

MARC

LEADER 00000cam a2200000 i 4500
001 1/49437
008 070727m20052019gr | ||| |||| ||gre||
020 |a 9601214178 
020 |a 9789601224091 
035 |l 10089185 
040 |a GR-MyUa  |b gre  |e AACR2 
041 1 |a gre  |h ger 
082 7 |2 (22) 
082 7 |a 938   |2 (23) 
100 1 |a Hölscher, Tonio. 
245 1 0 |a Κλασική αρχαιολογία :   |b βασικές γνώσεις /   |c Tonio Hölscher ; με τη συνεργασία των Barbara Borg ... [κ. ά.] ; μετάφραση: Πάρις Παπαγεωργίου ; επιμέλεια: Παυλίνα Καραναστάση.  
260 |a Θεσσαλονίκη :   |b University Studio Press,   |c 2005, 2019  
300 |a 478 σ. :   |b εικ., χαρτ. ;   |c 25 εκ. 
500 |a Τίτλος πρωτοτύπου: Klassische Archäologie Grundwissen. 
500 |a Το τρίτο και τέταρτο αντίτυπο του Παραρτήματος Βιβλιοθήκης Ρόδου είναι η 2η ελληνική έκδοση 2019. 
504 |a Βιβλιογραφία : σ. 441-461. Ευρετήριο. 
650 0 |a Classical antiquities. 
650 0 |a Archaeology. 
651 0 |a Greece  |x History  |y To 146 B.C. 
651 0 |a Rome  |x History. 
700 1 |a Καραναστάση, Παυλίνα,  |e edtf 
700 1 |a Παπαγεωργίου, Πάρις,  |e trl 
852 |a INST  |b LESVOS  |e 20190904  |h 930.1 HOL  |p 005100061808  |q 005100061808  |t BK  |y 0 
852 |a INST  |b RHODES  |e 20070727  |h 930.1 HOL  |p 005400026268  |q 005400026268  |t BK  |y 0 
852 |a INST  |b RHODES  |c EUDOXUS  |e 20130409  |h 930.1 HOL  |p 005400035088  |q 005400035088  |t EDX  |y 0 
852 |a INST  |b RHODES  |c EUDOXUS  |e 20200717  |h 930.1 HOL  |p 005400041583  |q 005400041583  |t EDX  |y 0 
852 |a INST  |b RHODES  |c EUDOXUS  |e 20220530  |h 930.1 HOL  |p 005400042847  |q 005400042847  |t EDX  |y 0 
852 |a INST  |b SYROS  |c EUDOXUS  |e 20200507  |h 938 HOL  |p 005500014955  |q 005500014955  |t EDX  |y 0 
901 |a BIBL4-2007-2 
901 |a BIBL4-2013-1 
920 |a Εύδοξος  |b Παραγγελία  |y Ρόδος-ΤΜΣ  |z 2022-05 
920 |a Εύδοξος  |b Επιστροφή  |y Ρόδος  |z 2013-04 
920 |a Εύδοξος  |b Παραγγελία  |y Σύρος-ΤΜΣΠΣ  |z 2019-05 
920 |a Εύδοξος  |b Παραγγελία  |y Ρόδος-ΤΜΣ  |z 2020-07 
922 |a 4ΕΛΗ  |b 200707  |c ΕΠΕΑΕΚ2/ΤΜΣ  |d Σ. Πατάκης 
970 |a Χαριοπολίτου  |b Κωνσταντίνα  |z 28/07/2007